00342nam a2200145Ia 4500003000400000005001700004008004100021040000700062041000800069082001900077100002100096245003000117260003600147300001300183OSt20230531101355.0210423s1989 xx 000 0 und d cAL aeng a370 223bODPP aDSOUZA (Becket). aPropens though education. aMysorebOctopus Books Ltdc1989 av,26bPB